000 00889nam a2200229Ia 4500
001 12452
003 GE_BSU
008 181216s||||||||xx |||||||||||||| ||und||
040 _cGE_BSU
080 _a633(075.32)
100 _aГуляев,Г.В. Дубинин,А.Д.
245 _aСелекция и семеноводство полевых культур с основами генетики
245 _bУч-к для средних сельхоз учебн. завед по спец."Агрономия
245 _cРед.Т.В.Островская
260 _aМосква
260 _bКолос
260 _c1980
300 _a374стр.илл.22см.
300 _eКраткий словарь терминов с.357
653 _aСелекция и семеноводство полевых культур с основами генетики
942 _cBK
999 _c45626
_d45626